Top 50 des domaines qui rapportent le plus d'argent (2026) - Statistiques

Statistiques générales
  • Ce quiz a été pris 20 fois
  • Le résultat moyen est 6 sur 50
Statistiques - réponses
Place Bénéfice (2026) Domaine % Correct
25 3215 milliards de dollars Constructeurs automobiles
53%
46 1312 milliards de dollars Dispositifs médicaux
37%
24 3303 milliards de dollars Immobilier
37%
1 41217 milliards de dollars Technologies
32%
50 1033 milliards de dollars Téléphonie
32%
6 13765 milliards de dollars Energie
26%
13 9415 milliards de dollars Pétrole et gaz
26%
2 18749 milliards de dollars Services financiers
26%
8 13414 milliards de dollars Banque
21%
10 12372 miliards de dollars Internet
21%
29 2539 milliards de dollars Nourriture
21%
41 1668 milliards de dollards Vêtements
21%
39 1740 milliards de dollars Armes de défense
16%
19 4347 milliards de dollars Assurances
16%
48 1076 milliards de dollars Construction
16%
18 4647 milliards de dollars Electricité
16%
20 4242 milliards de dollars Jeux vidéo
16%
35 1823 milliards de dollars Soins de santé
16%
31 2311 milliards de dollars Transport
16%
27 2591 milliards de dollars Aérospatial
11%
22 3720 milliards de dollars Conglomérats
11%
30 2317 milliards de dollars Divertissement
11%
5 15257 milliards de dollars Logiciels
11%
15 7559 milliards de dollars Médicaments
11%
21 4094 milliards de dollars Télécommunications
11%
47 1263 milliards de dollars Biens de consommation
5%
32 1991 milliards de dollars Boissons
5%
3 18688 milliards de dollars Capitalisation boursière
5%
9 13191 milliards de dollars Electronique
5%
28 2582 milliards de dollars Entreprises de service public
5%
26 3153 milliards de dollard Exploitation minière
5%
11 12060 milliards de dollars Fabrication
5%
42 1642 milliards de dollars Ingéniérie
5%
17 5946 milliards de dollars Investissements
5%
7 13690 milliards de dollars Semi-conducteurs
5%
44 1527 milliards de dollars Voyage
5%
14 7917 milliards de dollars Biotechnologies
0%
40 1696 milliards de dollars Bitcoin
0%
33 1950 milliards de dollars Chaînes de supermachés
0%
12 9436 milliards de dollars Conduite autonome
0%
23 3438 milliards de dollars E-Commerce
0%
43 1636 milliards de dollars Infrastructures
0%
4 17432 milliards de dollars Matériel technologique
0%
49 1057 milliards de dollars Mines d'or
0%
36 1760 milliards de dollars Produits chimiques
0%
45 1406 milliards de dollars Recharge EV (éléctrique)
0%
34 1878 milliards de dollars Services professionnels
0%
37 1757 milliards de dollars Société d'investissement immobilier cotée (REITs)
0%
38 1756 milliards de dollars Véhicules électriques
0%
16 6909 milliards de dollars Vente au détail
0%
Aucun quiz correspondant
Distribution des résultats
% des personnes avec chaque résultat
Percentile par nombre de réponses
Votre historique - résultats
Vous n’avez pas pris ce quiz